|
|
|
|
| LEADER |
00000nam2a2200000 4500 |
| 001 |
236673 |
| 005 |
20231101231505.0 |
| 035 |
|
|
|a (RuTPU)RU\TPU\book\257839
|
| 090 |
|
|
|a 236673
|
| 100 |
|
|
|a 20130427d1950 k y0rusy50 ca
|
| 101 |
1 |
|
|a rus
|c eng
|
| 102 |
|
|
|a RU
|
| 105 |
|
|
|a y z 000zy
|
| 200 |
0 |
|
|a Часть 1
|
| 210 |
|
|
|d 1950
|
| 215 |
|
|
|a 336 с.
|
| 461 |
|
1 |
|0 (RuTPU)RU\TPU\book\255494
|t Математический анализ
|o пер. с англ.
|o в 2 ч.
|f Ф. Франклин
|g под ред. С. А. Гальперн
|v Часть 1
|d 1950
|
| 606 |
1 |
|
|a Математический анализ
|2 stltpush
|3 (RuTPU)RU\TPU\subj\41236
|9 61042
|
| 610 |
1 |
|
|a действительные числа
|
| 610 |
1 |
|
|a пределы функции
|
| 610 |
1 |
|
|a показательные функции
|
| 610 |
1 |
|
|a логарифмические функции
|
| 610 |
1 |
|
|a тригонометрические функции
|
| 610 |
1 |
|
|a дифференцирование
|
| 610 |
1 |
|
|a комплексные числа
|
| 610 |
1 |
|
|a интегрирование
|
| 610 |
1 |
|
|a интегрируемые функции
|
| 610 |
1 |
|
|a интегралы
|
| 610 |
1 |
|
|a обобщения
|
| 610 |
1 |
|
|a приложения
|
| 610 |
1 |
|
|a упражнения
|
| 610 |
1 |
|
|a методика
|
| 675 |
|
|
|a 517
|v 3
|
| 801 |
|
1 |
|a RU
|b 63413507
|c 20130427
|
| 801 |
|
2 |
|a RU
|b 63413507
|c 20131204
|g RCR
|
| 942 |
|
|
|c BK
|